Schmidtová, E.: Listy nielen o adopcii

Bibliographic Details
Main Authors: Arnoldová, Marianna, 1953- (Author), Schmidtová, E (Author)
Format: Article
Language:Slovak
Subjects:

MARC

LEADER 00000nab a2200000 a 4500
001 vtls000403313
003 SK-MaSNL
005 20260305023413.0
008 230120c1990 xo 0 slo
015 |a SNBRB19rr/mm-uuuuu 
035 |a CL0403437 
035 |a urn:nbn:sk:snk-ab9ma 
035 |a (urnnbn)urn:nbn:sk:snk:ar-003e27 
035 |a (uuid)7a4423fa-ad0a-4107-a13e-4711b91b401d 
040 |a SNKBUCL  |b slo  |c SNKBUCL  |e AACR2 
041 0 |a slo 
044 |a xo  |c SK 
080 |a 347.633  |2 1981 
100 1 |a Arnoldová, Marianna,  |d 1953-  |4 aut  |9 159647 
245 1 0 |a Schmidtová, E.: Listy nielen o adopcii  |c Marianna Arnoldová 
650 0 7 |a adopcia  |2 snkbucl  |9 1000 
650 0 7 |a náhradná rodinná starostlivosť  |2 snkbucl  |9 1001 
655 7 |a články z novín a časopisov  |2 snkbucl  |9 267496 
700 1 |a Schmidtová, E  |4 aut  |9 1140244 
773 0 |t Justičná revue  |g Roč. 42, č. 4-5 (1990), s. 64 
787 0 8 |i Rec.:  |a Schmidtová, E  |t Listy nielen o adopcii  |d Bratislava : Osveta, 1990 
850 |a Slovenská národná knižnica v Martine  |a MTA001 
852 |a SNK  |b KIS3GCP 
954 |a odborná, vedecká literatúra pôvodná (slovenská)  |2 lita 
958 |a OND 
958 |a RK 
958 |a EUIPO 
958 |a article27 
992 |a RBX 
999 |c 3296751  |d 3298681